1448 1311 1846 1176 1456 1532 1035 1457 1910 1719 1537 1969 1936 1509 1117 1253 1202 1810 1868 1609 1832 1735 1370 1848 1255 1743 1423 1730 1136 1221 1539 1819 1038 1791 1614 1228 1539 1311 1154 1189 1727 1203 1643 1508 1171 1032 1204 1452 1478 1148 1642 1537 1340 1090 1007 1906 1211 1884 1041 1634 1121 1924 1517 1568 1619 1087 1093 1441 1472 1929 1812 1213 1942 1878 1489 1196 1178 1935 1496 1690 1219 1375 1401 1746 1348 1352 1507 1183 1663 1432 1573 1761 1748 1446 1198 1358 1913 1730 1550 BCNSPRNW ULIB Ver.6.0+V

เปลี่ยนเป็นภาษาไทย

Change to English
 แสดงรายละเอียดบรรณานุกรม
  กลับหน้าหลัก

Brief Record : Get Marc (ISO 2709) : E-mail record : QR code < ปิดหน้าต่าง
LEADER : 00000nam 2200000uu 4500
001    13399127061
003     ULIB
008    020711s2561 th a 000 0 tha d
020    ^a9786160443222
060    ^aWS103^bS-ธ
100    ^aSAM GODWIN
245    ^aเธอได้ยินไหม ชุดครอบครัวนักวิทยาศาสตร์น้อย (นิทานสร้างความรู้ สองภาษา ไทย-อังกฤษ)
250    ^aพิมพ์ครั้งที่ 1
260    ^aกรุงเทพฯ :^bนานมีบุ๊คส์คิดดี้,^c2561
300    ^a36 หน้า;^b24 ซม.
650    ^aเด็ก^xการเรียนการสอน
945    ^p115^l0^i006249
999    ^aประนอม เกษจรัล
รายการนี้ยังไม่มีแท็ก
คุณยังไม่ได้ล็อกอิน คุณสามารถมีกิจกรรมร่วมกับเว็บไซต์ได้ แต่ต้องล็อกอินก่อน ::
  ล็อกอิน

รายการสื่อสารสนเทศ

ลำดับที่ ประเภท เลขเรียก/บาร์โค้ด สถานที่ สถานะ
1. วิทยาศาสตร์การแพทย์ และสุขภาพ
วิทยาศาสตร์การแพทย์ และสุขภาพ
WS103 S-ธ ฉ.1 
  Barcode: 006249
ห้องสมุดวิทยาเขตสวรรค์ประชารักษ์
►หนังสือทั่วไป
บนชั้น

รายการใกล้เคียง
    ผู้แต่ง [SAM GODWIN]

BibComment


ยังไม่เคยถูกคอมเมนท์

คอมเมนท์ทรัพยากรรายการนี้
  คอมเมนท์: เธอได้ยินไหม ชุด..


 Copyright 2026. Bcnsprnw @Library